Super diccionario ilustrado color / (Registro nro. 11502)

Detalles MARC
000 -LEADER
fixed length control field 00726nam a22002297a 4500
003 - CONTROL NUMBER IDENTIFIER
control field DO-SdBNP
005 - DATE AND TIME OF LATEST TRANSACTION
control field 20170905115322.0
008 - FIXED-LENGTH DATA ELEMENTS--GENERAL INFORMATION
fixed length control field 161010b2009 ck|| 00| 0 spa d
020 ## - INTERNATIONAL STANDARD BOOK NUMBER
International Standard Book Number 9789586773904
040 ## - CATALOGING SOURCE
Original cataloging agency BPMSU
Language of cataloging spa
Transcribing agency BPMSU
082 #4 - DEWEY DECIMAL CLASSIFICATION NUMBER
Classification number R 036
Item number S959d
245 00 - TITLE STATEMENT
Title Super diccionario ilustrado color /
Statement of responsibility, etc. editor Gustavo de Elorza Martinez ; textos de María D. Mascasas
260 ## - PUBLICATION, DISTRIBUTION, ETC. (IMPRINT)
Place of publication, distribution, etc. Bogotá :
Name of publisher, distributor, etc. Zamora Editores,
Date of publication, distribution, etc. 2009
300 ## - PHYSICAL DESCRIPTION
Extent 3 v. :
Other physical details il. :
Dimensions 32 cm
650 #4 - SUBJECT ADDED ENTRY--TOPICAL TERM
Topical term or geographic name as entry element ENCICLOPEDIAS Y DICCIONARIOS ESPAÑOLES
700 12 - ADDED ENTRY--PERSONAL NAME
Personal name Elorza Martinez, Gustavo de
700 12 - ADDED ENTRY--PERSONAL NAME
Personal name Mascasas, María D.
910 ## - USER-OPTION DATA (OCLC)
User-option data Validado. Control de calidad MFF
942 ## - ADDED ENTRY ELEMENTS (KOHA)
Source of classification or shelving scheme Dewey Decimal Classification
Koha item type Libros
945 ## - LOCAL PROCESSING INFORMATION (OCLC)
a Inventariado, 2017/MFF
956 ## - LOCAL ELECTRONIC LOCATION AND ACCESS (OCLC)
Host name dgarcia
Existencias
Withdrawn status Lost status Source of classification or shelving scheme Damaged status Not for loan Collection code Home library Current library Date acquired Source of acquisition Total Checkouts Full call number Barcode Date last seen Price effective from Koha item type Copy number
    Dewey Decimal Classification     Colección de Referencia General Biblioteca Pública Metropolitana Salomé Ureña Biblioteca Pública Metropolitana Salomé Ureña 10/10/2016 sin sellar   R 036 S959d BPMSU16100019 10/10/2016 10/10/2016 Libros  
    Dewey Decimal Classification     Colección de Referencia General Biblioteca Pública Metropolitana Salomé Ureña Biblioteca Pública Metropolitana Salomé Ureña 10/10/2016 sin sellar   R 036 S959d BPMSU16100020 10/10/2016 10/10/2016 Libros e.2
    Dewey Decimal Classification     Colección de Referencia General Biblioteca Pública Metropolitana Salomé Ureña Biblioteca Pública Metropolitana Salomé Ureña 10/10/2016 sin sellar   R 036 S959d BPMSU16100021 10/10/2016 10/10/2016 Libros e.3